| 000 | 01633cam a22004574i 4500 | ||
|---|---|---|---|
| 003 | PE-LiUPU | ||
| 005 | 20250731173443.0 | ||
| 008 | 150616s1989 sp r 000 0 spa d | ||
| 020 | _a8425416531 | ||
| 035 | _a(Sirsi) i9788425416538 | ||
| 040 |
_aPE-LiUPU _bspa _cPE-LiUPU _erda |
||
| 049 | _aPRUA | ||
| 082 | 0 | 4 |
_a209 _bP81 _221 |
| 100 | 1 |
_aPoupard, Paul, _eautor. |
|
| 245 | 1 | 3 |
_aLa Religiones / _cPaul Poupard. |
| 264 | 1 |
_aBarcelona : _bEditorial Herder, _c1989. |
|
| 300 |
_a140 páginas ; _c18 centímetros |
||
| 336 |
_atext _2rdacontent |
||
| 337 |
_aunmediated _2rdamedia |
||
| 338 |
_avolume _2rdacarrier |
||
| 505 | 0 | _aEl descubrimiento de las religiones -- Homo religiosus -- Religiones antiguas -- Religiones de Asia, Africa y Australia -- Los tres grandes monoteísmos -- La salvación del hombre y el futuro de la religión. | |
| 526 | _aSEG42 | ||
| 526 | _aSEG41 | ||
| 526 | _aSEG40 | ||
| 526 | _aSEG39 | ||
| 526 | _aP94 | ||
| 526 | _aP87 | ||
| 526 | _aP86 | ||
| 526 | _aP85 | ||
| 526 | _aP77 | ||
| 526 | _aP76 | ||
| 526 | _aP35 | ||
| 650 | 0 | 4 | _aRELIGIONES - HISTORIA. |
| 910 |
_ajck _bjvq _cjck |
||
| 942 |
_2ddc _cBOOK |
||
| 949 |
_a209 P81 _wDEWEY _c1 _i39257 _d2016-5-3 _e2016-4-27 _lCCODEBUL1 _mBUL _n7 _r0 _sY _tBOOK _u2015-6-16 _xTEOLOGIA _zUNKNOWN _0COMPRA _o.STAFF. Colección General |
||
| 994 |
_aC0 _bPEPRU |
||
| 596 | _a1 | ||
| 999 |
_a209 P81 _wDEWEY _c56859 _i39257 _d56859 _e2016-4-27 _f2021-11-11 _g5 _lCCODEBUL1 _mBUL _n7 _p10.00 _q1 _r0 _sY _tBOOK _u2015-6-16 _xTEOLOGIA _PP35 _0COMPRA _o.STAFF. Colección Teología |
||
| 980 |
_81 _gALBERTO SANCHEZ Responsable de Automatización |
||